000 00308nam a22001337a 4500
020 _a978-0-6035-7232-6
082 _a823
_bBLY/A
100 _aENID BLYTON
245 _aTHE ADVENTURES OF PIP
260 _aLONDON
_bEGMONT
_c1978
300 _a178
650 _aCHILDREN'S STORY BOOK
_zUNITED KINGDOM
942 _cBK
999 _c149
_d149